German Words for Animals (South America) - Statistics

General Stats
  • This quiz has been taken 8 times
  • The average score is 19 of 25
Answer Stats
English Answer % Correct
Jaguar Jaguar
100%
Spider Monkey Spinnenaffe
100%
Macaw Ara
86%
Chinchilla Chinchilla
86%
Sloth Faultier
86%
River Dolphin Flussdelfin
86%
Llama Lama
86%
Parrot Papagei
86%
Piranha Piranha
86%
Quetzal Quetzal
86%
Toucan Tukan
86%
Electric Eel Zitteraal
86%
Alpaca Alpaka
71%
Anteater Ameisenbär
71%
Anaconda Anakonda
71%
Army Ant Armeeameise
71%
Howler Monkey Brüllaffe
71%
Armadillo Gürteltier
71%
Tree Frog Laubfrosch
71%
Iguana Leguan
71%
Coati Nasenbär
71%
Capybara Wasserschwein
71%
Poison-Dart Frog Baumsteigerfrosch/Pfeilgiftfrosch/Farbfrosch
57%
Galapagos Tortoise Galapagos-Riesenschildkröte
57%
Boa Constrictor Riesenschlange
57%
No matching quizzes found
Score Distribution
Percent of People with Each Score
Percentile by Number Answered
Your Score History
You have not taken this quiz